000 00735nam a22002177a 4500
003 UA-OsUOA
001 72345
007 ta
008 20110111b un ||||| |||| 00| 0 ukr d
100 _aНіколєнко О.
090 _a82
_bН71
942 _cSA
040 _aUA-OsUOA
_bukr
_cUA-OsUOA
_dUA-OsUOA
245 _aОвідій української неокласики Микола Зеров (Із серії літературознавчо-документальних нарисів "Соловецькі в'язні з України)
300 _aС.106-128
955 _a0
041 _aukr
080 _a82
773 0 _w72344
650 7 _a82 Література. Літературознавство
_2UDC
999 _c358629
_d358629